书目信息 |
| 题名: |
用水管理理论与实践
|
|
| 作者: | 林洪孝 , 王国新 主编 | |
| 分册: | ||
| 出版信息: | 北京 中国水利水电出版社 2003.07 |
|
| 页数: | 384页 | |
| 开本: | 21cm | |
| 丛书名: | 水资源管理知识丛书 | |
| 单 册: | ||
| 中图分类: | TV213.4 | |
| 科图分类: | ||
| 主题词: | 水资源管理--shui zi yuan guan li | |
| 电子资源: | ||
| ISBN: | 7-5084-1402-0 | |
| 000 | 01210nam 2200277 450 | |
| 001 | 012007408585 | |
| 005 | 20070924160617.23 | |
| 010 | @a7-5084-1402-0@dCNY32.00 | |
| 100 | @a20070816d2003 km y0chiy0120 ea | |
| 101 | 0 | @achi |
| 102 | @aCN@b110000 | |
| 105 | @aa a 000yy | |
| 200 | 1 | @a用水管理理论与实践@Ayong shui guan li li lun yu shi jian@f林洪孝, 王国新主编@Flin hong xiao,wang guo xin zhu bian |
| 210 | @a北京@c中国水利水电出版社@d2003.07 | |
| 215 | @a384页@c图@d21cm | |
| 225 | 2 | @a水资源管理知识丛书@Ashui zi yuan guan li zhi shi cong shu@v5 |
| 320 | @a有书目 (第383-384页)。 | |
| 330 | @a本书共分8章,系统地论述了用水管理的理论和有关的技术经济内容。包括用水管理的目的、内容和作用以及我国的用水管理现状,提出并建立了用水统计制度、定额管理制度、计划用水管理制度的理论依据、原则、内容及实施程序,介绍了在生活、工业、农业中加强用水管理的主要内容和实用的节水措施等。 | |
| 333 | @a水资源、环境、给排水工作的科研、生产、管理人员,相应专业师生 | |
| 410 | 0 | @12001 @a水资源管理知识丛书 |
| 606 | 0 | @a水资源管理@Ashui zi yuan guan li |
| 690 | @aTV213.4@v4 | |
| 701 | 0 | @a林洪孝@Alin hong xiao@4主编 |
| 701 | 0 | @a王国新@Awang guo xin@4主编 |
| 801 | 0 | @aCN@c20070924 |
| 905 | @dTV213.4@eL507 | |
| 用水管理理论与实践/林洪孝, 王国新主编.-北京:中国水利水电出版社,2003.07 |
| 384页:图;21cm.-(水资源管理知识丛书;5) |
| 使用对象:水资源、环境、给排水工作的科研、生产、管理人员,相应专业师生 |
| ISBN 7-5084-1402-0:CNY32.00 |
| 本书共分8章,系统地论述了用水管理的理论和有关的技术经济内容。包括用水管理的目的、内容和作用以及我国的用水管理现状,提出并建立了用水统计制度、定额管理制度、计划用水管理制度的理论依据、原则、内容及实施程序,介绍了在生活、工业、农业中加强用水管理的主要内容和实用的节水措施等。 |
| ● |
| 相关链接 |
|
|
|
正题名:用水管理理论与实践
索取号:TV213.4/L507
 
预约/预借
| 序号 | 登录号 | 条形码 | 馆藏地/架位号 | 状态 | 备注 |
| 1 | 259111 | 202591114 | 自科二线400A/201建筑库 45排6列5层/ [索取号:TV213.4/L507] | 在馆 | |
| 2 | 259112 | 202591123 | 自科库501/501自科库 47排7列2层/ [索取号:TV213.4/L507] | 在馆 | |
| 3 | 259113 | 202591132 | 自科二线504/504自科库 41排4列3层/ [索取号:TV213.4/L507] | 在馆 |